UBT Library

Young people and new media : (Record no. 38942)

000 -LEADER
fixed length control field 00815cam a2200277 a 4500
001 - CONTROL NUMBER
control field 12917403
005 - DATE AND TIME OF LATEST TRANSACTION
control field 20171214074346.0
008 - FIXED-LENGTH DATA ELEMENTS--GENERAL INFORMATION
fixed length control field 020905s2002 enka b 001 0 eng
010 ## - LIBRARY OF CONGRESS CONTROL NUMBER
LC control number 2002512111
015 ## - NATIONAL BIBLIOGRAPHY NUMBER
National bibliography number GBA2-Z1527
020 ## - INTERNATIONAL STANDARD BOOK NUMBER
International Standard Book Number 0761964665
020 ## - INTERNATIONAL STANDARD BOOK NUMBER
International Standard Book Number 0761964673 (pbk.)
035 ## - SYSTEM CONTROL NUMBER
System control number (OCoLC)ocm48885019
040 ## - CATALOGING SOURCE
Original cataloging agency UKM
Transcribing agency UKM
Modifying agency CUS
-- DLC
041 ## - LANGUAGE CODE
Language code of text/sound track or separate title eng
080 ## - UNIVERSAL DECIMAL CLASSIFICATION NUMBER
Universal Decimal Classification number 302.23083
082 00 - DEWEY DECIMAL CLASSIFICATION NUMBER
Classification number 302.23083
100 1# - Rafti
Rafti 39
101 ## - Shkurtesa
Shkurtesa MED
245 10 - TITLE STATEMENT
Title Young people and new media :
Statement of responsibility, etc Sonia Livingstone.
246 30 - VARYING FORM OF TITLE
Title proper/short title New media
504 ## - BIBLIOGRAPHY, ETC. NOTE
Bibliography, etc Includes bibliographical references and indexes.
906 ## - LOCAL DATA ELEMENT F, LDF (RLIN)
a 7
b cbc
c copycat
d 2
e ncip
f 20
g y-gencatlg
942 ## - ADDED ENTRY ELEMENTS (KOHA)
Source of classification or shelving scheme
Item type Books
Holdings
Withdrawn status Lost status Source of classification or shelving scheme Damaged status Not for loan Permanent location Current location Date acquired Total Checkouts Full call number Barcode Date last seen Price effective from Koha item type
          UBT - Lipjan UBT - Lipjan 12/14/2017   302.23083 LIV 002-2939067 12/14/2017 12/14/2017 Books
UBT Library © 2015-2024. All rights reserved University Education for Business and Technology